[Event "26th EUR-ch"]
[Site "Katowice POL"]
[Date "2026.04.13"]
[Round "6.167"]
[White "Goderdzishvili, Giga"]
[Black "Bubalovic, Davorin"]
[Result "1-0"]
[WhiteElo "2261"]
[BlackElo "2087"]
[EventDate "2026.04.07"]
[PlyCount "87"]

1.b3 e5 2.Bb2 Nc6 3.e3 Nf6 4.Bb5 d6 5.d4 Bd7 6.dxe5 Nxe5 7.Be2 Be7 8.Nf3 
Nxf3+ 9.Bxf3 Bc6 10.Bxc6+ bxc6 11.c4 O-O 12.Nc3 d5 13.cxd5 cxd5 14.O-O Re8
15.Rc1 Rc8 16.Na4 c6 17.Rc2 Bd6 18.g3 Re6 19.Qd4 Qe7 20.Rfc1 Be5 21.Qc5 
Bxb2 22.Qxe7 Rxe7 23.Nxb2 Rec7 24.Nd3 a5 25.Rc5 Kf8 26.Ne5 a4 27.bxa4 Nd7 
28.Rxc6 Rxc6 29.Rxc6 Rxc6 30.Nxc6 Nc5 31.a5 Na6 32.a3 Ke8 33.Nb4 Nc7 34.
Kf1 Kd7 35.Ke2 Kd6 36.Kd3 Kc5 37.a6 Kb6 38.Kd4 Nb5+ 39.Kxd5 Nxa3 40.Kd6 
Nc4+ 41.Ke7 Ne5 42.f4 Ng4 43.Kxf7 Nxe3 44.Kxg7 1-0

[Event "26th EUR-ch"]
[Site "Katowice POL"]
[Date "2026.04.13"]
[Round "6.168"]
[White "Bochniak, Franciszek"]
[Black "Celik, Ali Alper"]
[Result "1-0"]
[WhiteElo "2107"]
[BlackElo "2256"]
[EventDate "2026.04.07"]
[PlyCount "73"]

1.Nf3 d5 2.e3 c5 3.b3 f6 4.d4 cxd4 5.exd4 Nc6 6.Be2 Bg4 7.O-O e6 8.c4 Bd6 
9.Nc3 Nge7 10.c5 Bb8 11.Rb1 O-O 12.b4 Nf5 13.Be3 Nce7 14.Ne1 Qc7 15.g3 Bh3
16.Ng2 Nxe3 17.fxe3 Nf5 18.Bg4 Bxg2 19.Bxf5 Bxf1 20.Bxe6+ Kh8 21.Kxf1 Re8 
22.Bxd5 Rxe3 23.Qd2 Re7 24.Re1 a6 25.Rxe7 Qxe7 26.Qe2 Qxe2+ 27.Kxe2 Ra7 
28.a4 b6 29.cxb6 Rd7 30.Kd3 g5 31.a5 h5 32.Bc6 Rd8 33.b5 axb5 34.Nxb5 h4 
35.gxh4 gxh4 36.h3 Rc8 37.Bb7 1-0

[Event "26th EUR-ch"]
[Site "Katowice POL"]
[Date "2026.04.13"]
[Round "6.169"]
[White "Ghazarian, Raffi"]
[Black "Podolskyi, Mykhailo"]
[Result "0-1"]
[WhiteElo "2079"]
[BlackElo "2255"]
[EventDate "2026.04.07"]
[PlyCount "104"]

1.Nf3 d5 2.g3 Nf6 3.Bg2 c6 4.c4 Bf5 5.Qb3 Qc8 6.cxd5 cxd5 7.Nc3 e6 8.O-O 
Be7 9.d3 Nc6 10.Bf4 O-O 11.Rac1 Qd7 12.e4 dxe4 13.dxe4 Nxe4 14.Nxe4 Bxe4 
15.Ne5 Nxe5 16.Bxe4 Nc6 17.Bxc6 bxc6 18.Rfd1 Qc8 19.Qa4 Qb7 20.Qxc6 Qxb2 
21.Rd7 Bf6 22.Qb7 Rad8 23.Qxb2 Bxb2 24.Rcc7 Bd4 25.a4 Bb6 26.Rxd8 Rxd8 27.
Rb7 h6 28.Bb8 Rd1+ 29.Kg2 Rd2 30.Bxa7 Rxf2+ 31.Kg1 Bxa7 32.Rxa7 Ra2 33.a5 
g5 34.h3 h5 35.Kh1 Kg7 36.Kg1 Kg6 37.a6 f6 38.Ra8 Kf5 39.a7 h4 40.gxh4 
gxh4 41.Kf1 Ke5 42.Kg1 Kf5 43.Kf1 e5 44.Ke1 e4 45.Kf1 Kf4 46.Kg1 f5 47.Kf1
Kf3 48.Kg1 f4 49.Kh1 e3 50.Kg1 e2 51.Re8 Rxa7 52.Re5 Rg7+ 0-1

[Event "26th EUR-ch"]
[Site "Katowice POL"]
[Date "2026.04.13"]
[Round "6.170"]
[White "Przybylski, Bartosz"]
[Black "Gikas, Andreas Basilius"]
[Result "1-0"]
[WhiteElo "2249"]
[BlackElo "2072"]
[EventDate "2026.04.07"]
[PlyCount "151"]

1.e4 c5 2.Nf3 a6 3.c4 Nc6 4.d4 cxd4 5.Nxd4 Nf6 6.Nc3 d6 7.Be2 g6 8.Be3 Bg7
9.O-O O-O 10.Rc1 Bd7 11.h3 Nxd4 12.Bxd4 Bc6 13.Qd3 Rc8 14.Nd5 Nd7 15.Bxg7 
Kxg7 16.b4 Bxd5 17.exd5 Kg8 18.Rc2 Rc7 19.Rfc1 b6 20.c5 dxc5 21.Qxa6 Qa8 
22.Qd3 Ra7 23.Qe3 cxb4 24.Qxe7 Nc5 25.Qd6 Rxa2 26.Qxb6 Nb3 27.Rxa2 Qxa2 
28.Re1 Qd2 29.Kf1 Qxd5 30.Qxb4 Nc5 31.Rd1 Qe5 32.Bc4 Ne6 33.Re1 Qh2 34.
Bxe6 fxe6 35.Qg4 Re8 36.Rxe6 Qh1+ 37.Ke2 Rxe6+ 38.Qxe6+ Kg7 39.Qd7+ Kg8 
40.Kf3 Qa1 41.Kg4 Qe5 42.Kf3 Qc3+ 43.Ke2 Qe5+ 44.Kd3 Qe1 45.Qc8+ Kf7 46.
Qc4+ Kf8 47.Qf4+ Kg7 48.Qd4+ Kg8 49.Kc2 Qf1 50.Qd5+ Kg7 51.Qf3 Kg8 52.Kd2 
Kg7 53.h4 Kg8 54.g3 Qb1 55.Ke2 Qb5+ 56.Qd3 Qc6 57.Ke3 Qc1+ 58.Kf3 Qh1+ 59.
Kg4 Qc6 60.Qd8+ Kf7 61.Qd4 Qe6+ 62.Kf3 Kg8 63.Qg4 Qd5+ 64.Qe4 Qd1+ 65.Kg2 
Kg7 66.Qf3 Qd7 67.h5 Qb5 68.Kh3 Qd7+ 69.Qg4 Qd5 70.Kh2 Qc5 71.Kg1 Qc1+ 72.
Kg2 Qc5 73.Qd7+ Kh6 74.Qf7 Qxh5 75.Qf8+ Kg5 76.Qf4# 1-0

[Event "26th EUR-ch"]
[Site "Katowice POL"]
[Date "2026.04.13"]
[Round "6.171"]
[White "Zhuk, Ivan"]
[Black "Brzezina, Pawel"]
[Result "1/2-1/2"]
[WhiteElo "2068"]
[BlackElo "2247"]
[EventDate "2026.04.07"]
[PlyCount "109"]

1.e4 e5 2.Nf3 Nc6 3.Nc3 Nf6 4.Nd5 Nxe4 5.d4 d6 6.Bb5 a6 7.Ba4 Be6 8.Nb4 
Bd7 9.Nxc6 bxc6 10.O-O Be7 11.Re1 f5 12.dxe5 O-O 13.e6 Bxe6 14.Nd4 Bd7 15.
Nxc6 Bxc6 16.Bxc6 Rb8 17.Qe2 Bf6 18.c3 Kh8 19.Be3 Nc5 20.Qc2 Rb6 21.Bd5 f4
22.Bd4 a5 23.Rad1 Bxd4 24.Rxd4 Nd7 25.g3 Rb8 26.Bc6 Rb6 27.Ba4 c5 28.Rd5 
Nf6 29.Rf5 fxg3 30.hxg3 g6 31.Rf4 d5 32.Qc1 Ne4 33.Bc2 Rxf4 34.Qxf4 Rf6 
35.Qe5 Nxf2 36.Qe8+ Qxe8 37.Rxe8+ Kg7 38.Re5 Nh3+ 39.Kg2 Rf2+ 40.Kxh3 Rxc2
41.Rxd5 Rxb2 42.a3 Rb3 43.Rxc5 Rxa3 44.Kg4 Kf6 45.Kf4 a4 46.Rc6+ Ke7 47.
Rc7+ Kd6 48.Rxh7 Rxc3 49.Ra7 a3 50.g4 Kc6 51.Kg5 Rg3 52.Kf6 Rxg4 53.Rxa3 
Kd6 54.Ra5 Rg1 55.Rg5 1/2-1/2

[Event "26th EUR-ch"]
[Site "Katowice POL"]
[Date "2026.04.13"]
[Round "6.172"]
[White "Hertlein, Irena"]
[Black "Brozyna, Mateusz"]
[Result "1-0"]
[WhiteElo "2057"]
[BlackElo "2242"]
[EventDate "2026.04.07"]
[PlyCount "111"]

1.e4 e5 2.Nf3 Nc6 3.Bb5 a6 4.Ba4 Nf6 5.O-O Be7 6.Re1 b5 7.Bb3 d6 8.c3 O-O 
9.h3 Nb8 10.d4 Nbd7 11.Nbd2 Bb7 12.Bc2 Re8 13.Nf1 Bf8 14.Ng3 g6 15.Bg5 Bg7
16.Qd2 Nf8 17.Bh6 N6d7 18.a4 Bxh6 19.Qxh6 Qf6 20.Bb3 Qg7 21.Qd2 bxa4 22.
Bxa4 Rad8 23.d5 Re7 24.b4 Bc8 25.Bc2 Nb8 26.Qe3 Qf6 27.Bd3 h5 28.Nf1 Nh7 
29.N1h2 c6 30.dxc6 Rc7 31.Qb6 Rxc6 32.Qxb8 Rxc3 33.Bf1 Bxh3 34.Qb6 Bg4 35.
Rec1 Rdc8 36.Rxc3 Rxc3 37.Rd1 Bxf3 38.Nxf3 Rxf3 39.gxf3 Ng5 40.Bg2 Ne6 41.
Qxd6 Qg5 42.Qd2 Qh4 43.f4 exf4 44.f3 Qe7 45.Bh3 Nf8 46.Qxf4 Qxb4 47.Qd6 
Qc3 48.Qd3 Qf6 49.Qe3 Nh7 50.e5 Qh4 51.Kg2 Ng5 52.Bd7 Qc4 53.Rd4 Qc5 54.e6
Kf8 55.exf7 Nxf7 56.Be6 1-0

[Event "26th EUR-ch"]
[Site "Katowice POL"]
[Date "2026.04.13"]
[Round "6.173"]
[White "Drazic, Sinisa"]
[Black "Sprzeczka, Emilia"]
[Result "1/2-1/2"]
[WhiteElo "2239"]
[BlackElo "2066"]
[EventDate "2026.04.07"]
[PlyCount "138"]

1.c4 g6 2.g3 Bg7 3.Bg2 c5 4.Nc3 Nc6 5.Nf3 d6 6.O-O e5 7.a3 Nge7 8.d3 O-O 
9.Rb1 a5 10.Bd2 h6 11.Ne1 Be6 12.Nc2 d5 13.cxd5 Nxd5 14.Ne3 Nde7 15.Nc4 
Rb8 16.Nb5 Bd5 17.Bc3 Bxg2 18.Kxg2 b6 19.e4 Qd7 20.Qe2 Rbd8 21.a4 Nc8 22.
Rbd1 Kh7 23.h4 h5 24.b3 Qe7 25.Kh2 f5 26.exf5 Rxf5 27.Qe4 Qe6 28.Rde1 Nb4 
29.Bxb4 axb4 30.Kg2 Qd7 31.Rd1 Re8 32.Kg1 Rf7 33.Rfe1 Ree7 34.Re2 Rf8 35.
Kg2 Rf4 36.Qa8 Rf8 37.Kg1 Qg4 38.Rde1 Nd6 39.Qd5 Nxc4 40.Qxc4 Qd7 41.d4 
cxd4 42.Qxb4 Ref7 43.Nd6 Qe7 44.Qa3 d3 45.Ra2 Rf3 46.Ne4 Qxa3 47.Rxa3 Bh6 
48.Rd1 d2 49.Kf1 Re3 50.Ng5+ Bxg5 51.hxg5 Rxg3 52.Rxd2 Rxg5 53.b4 Rgf5 54.
a5 bxa5 55.bxa5 R5f7 56.a6 Ra7 57.Rd6 Kg7 58.Rb3 Raf7 59.Rb7 Kh6 60.Rd2 
Kg5 61.Ra2 Rxb7 62.axb7 Rb8 63.Rb2 Kf5 64.Kg2 Ke6 65.Rb6+ Kd5 66.Kf3 Kc5 
67.Rxg6 Rxb7 68.Rg5 Kd4 69.Rxh5 Rf7+ 1/2-1/2

[Event "26th EUR-ch"]
[Site "Katowice POL"]
[Date "2026.04.13"]
[Round "6.174"]
[White "Krasniewski, Maciej"]
[Black "Korniichuk, Oleksandra"]
[Result "0-1"]
[WhiteElo "2227"]
[BlackElo "2055"]
[EventDate "2026.04.07"]
[PlyCount "120"]

1.d4 Nf6 2.c4 e6 3.Nf3 Bb4+ 4.Nbd2 O-O 5.a3 Be7 6.e4 d6 7.Be2 Nfd7 8.O-O 
e5 9.Nb1 exd4 10.Nxd4 Nc5 11.Nc3 Bf6 12.Be3 Nc6 13.Nxc6 bxc6 14.Bxc5 dxc5 
15.Qc2 Bd4 16.Bd3 Qg5 17.Kh1 h5 18.f4 Qh6 19.Ne2 Rd8 20.Rae1 Bxb2 21.Qxb2 
Rxd3 22.Qe5 Bg4 23.Nc1 Rd2 24.h3 Rb8 25.Re3 Bd1 26.Ree1 Qg6 27.Rg1 Rbd8 
28.Qxc5 R8d4 29.e5 Qe6 30.Re3 Rxc4 31.Qa5 Qd5 32.Qxd5 cxd5 33.Rd3 Rxd3 34.
Nxd3 Bc2 35.Nb4 Be4 36.Rd1 d4 37.Nd3 Bxd3 38.Rxd3 c5 39.Rb3 Rc3 40.Rb8+ 
Kh7 41.Kg1 c4 42.Rd8 d3 43.f5 Rc2 44.Kf1 Re2 45.Rd4 Rxe5 46.Rxc4 Rxf5+ 47.
Ke1 d2+ 48.Kxd2 Rf2+ 49.Ke3 Rxg2 50.Kf4 f6 51.Ra4 Kg6 52.Rxa7 h4 53.Re7 
Rg3 54.Re3 Rxe3 55.Kxe3 Kf5 56.a4 Ke5 57.a5 Kd6 58.Kf4 g5+ 59.Kf5 Kc6 60.
a6 Kb6 0-1

[Event "26th EUR-ch"]
[Site "Katowice POL"]
[Date "2026.04.13"]
[Round "6.175"]
[White "Stan, Andrei-Mihaita"]
[Black "Dubinski, Mateusz"]
[Result "0-1"]
[WhiteElo "2038"]
[BlackElo "2222"]
[EventDate "2026.04.07"]
[PlyCount "126"]

1.d4 Nf6 2.c4 e6 3.Nc3 d5 4.cxd5 exd5 5.Bg5 c6 6.e3 h6 7.Bh4 Be7 8.Bd3 O-O
9.Nge2 Re8 10.f3 Nbd7 11.O-O Nf8 12.Qc2 Ne6 13.Bf2 Bf8 14.h3 c5 15.Bb5 Bd7
16.Bxd7 Qxd7 17.Rad1 c4 18.e4 b5 19.Ng3 dxe4 20.fxe4 Ng5 21.Be3 b4 22.Bxg5
hxg5 23.e5 Nd5 24.Nxd5 Qxd5 25.Qf5 Rac8 26.Qxg5 Re6 27.Qf5 Rec6 28.Ne2 g6 
29.Qg5 Qd8 30.Qf4 Qd5 31.Qe3 c3 32.Nf4 Qxa2 33.e6 Rxe6 34.Nxe6 Qxe6 35.
Qxe6 fxe6 36.bxc3 bxc3 37.Rf2 e5 38.dxe5 Bc5 39.Kf1 Bxf2 40.Kxf2 Kf7 41.h4
Ke6 42.g4 Kxe5 43.Ke3 a5 44.Ra1 a4 45.Kd3 c2 46.Kd2 Rc4 47.h5 g5 48.Rh1 
Kf6 49.Rf1+ Kg7 50.Re1 Rxg4 51.Re6 Rc4 52.Kc1 Rc5 53.Ra6 Kh7 54.Rxa4 Kh6 
55.Ra8 Kxh5 56.Rh8+ Kg4 57.Rh7 Kg3 58.Rf7 g4 59.Rh7 Kg2 60.Rg7 g3 61.Rf7 
Kg1 62.Rg7 g2 63.Rf7 Rc3 0-1

[Event "26th EUR-ch"]
[Site "Katowice POL"]
[Date "2026.04.13"]
[Round "6.176"]
[White "Gov, Guy"]
[Black "Omarsson, Josef"]
[Result "1-0"]
[WhiteElo "2222"]
[BlackElo "2045"]
[EventDate "2026.04.07"]
[PlyCount "97"]

1.e4 c5 2.Nf3 Nc6 3.d4 cxd4 4.Nxd4 Nf6 5.Nc3 e5 6.Ndb5 d6 7.Bg5 a6 8.Na3 
b5 9.Nd5 Be7 10.Bxf6 Bxf6 11.c4 b4 12.Nc2 Rb8 13.b3 Bg5 14.g3 O-O 15.Bg2 
f5 16.exf5 Bxf5 17.Nde3 Bxe3 18.fxe3 Ne7 19.Qd2 Qb6 20.O-O-O Rfd8 21.Bd5+ 
Nxd5 22.Qxd5+ Kh8 23.e4 Bg6 24.Rd2 a5 25.Rhd1 Qc7 26.Rf1 a4 27.h4 h6 28.
Rdf2 Qd7 29.Rf3 Qg4 30.Re3 axb3 31.axb3 Ra8 32.Kb2 Qd7 33.Ref3 Rdb8 34.c5 
Rc8 35.c6 Qa7 36.Nxb4 Qa3+ 37.Kc3 Rab8 38.Qc4 Kh7 39.Nc2 Qa5+ 40.Kb2 Qb6 
41.Rc3 Qb5 42.Rd1 Qxc4 43.Rxc4 Bf7 44.Rb4 Ra8 45.Rxd6 Ra6 46.Rb7 Bg6 47.
Nb4 Raa8 48.Nd5 Bxe4 49.Nf6+ 1-0

[Event "26th EUR-ch"]
[Site "Katowice POL"]
[Date "2026.04.13"]
[Round "6.177"]
[White "Pozimski, Szymon"]
[Black "Ringuet, Noe"]
[Result "0-1"]
[WhiteElo "2025"]
[BlackElo "2220"]
[EventDate "2026.04.07"]
[PlyCount "144"]

1.c4 c6 2.d4 d5 3.cxd5 cxd5 4.Nf3 Nc6 5.Nc3 Nf6 6.Bf4 a6 7.e3 Bg4 8.Be2 e6
9.O-O Be7 10.Ne5 Nxe5 11.Bxe5 Bxe2 12.Qxe2 O-O 13.Rfc1 Nd7 14.Bg3 Rc8 15.
Qd1 Rc4 16.b3 Rc8 17.f3 Ba3 18.Rc2 Qg5 19.Qd3 Qg6 20.e4 Nf6 21.Re2 Rc6 22.
Rd1 Rfc8 23.Nb1 Bb4 24.Bf4 Ba5 25.a3 Bb6 26.Kf1 dxe4 27.fxe4 h6 28.d5 Rd8 
29.Nc3 Qg4 30.Bg3 exd5 31.exd5 Nh5 32.dxc6 Rxd3 33.Rxd3 bxc6 34.Rf3 Nxg3+ 
35.hxg3 Qd4 36.Rfe3 Qd6 37.Re8+ Kh7 38.Na4 Qf6+ 39.Ke1 Qa1+ 40.Kd2 Qxa3 
41.Nxb6 Qb4+ 42.Kc2 Qxb6 43.R8e3 h5 44.Rc3 Qb5 45.Rd2 a5 46.Rcd3 a4 47.
bxa4 Qxa4+ 48.Kb2 f5 49.Rb3 g6 50.Rc2 Qd4+ 51.Rbc3 Qe5 52.Kb3 Kh6 53.Kb2 
c5 54.Kc1 Qe1+ 55.Kb2 Kg5 56.Rc1 Qe5 57.Rc2 Kf6 58.Kc1 Qe1+ 59.Kb2 c4 60.
Rc1 Qd2+ 61.R1c2 Qd4 62.Ka3 Qd6+ 63.Ka4 Qb8 64.Rf3 Qb1 65.Rfc3 Qb8 66.Rf3 
g5 67.Rfc3 g4 68.Ka3 Ke6 69.Ka2 Kd5 70.Rd2+ Kc5 71.Rdc2 Qb4 72.Ka1 Kd4 0-1

[Event "26th EUR-ch"]
[Site "Katowice POL"]
[Date "2026.04.13"]
[Round "6.178"]
[White "Golsta, Madara"]
[Black "Tymrakiewicz, Rafal"]
[Result "1-0"]
[WhiteElo "2008"]
[BlackElo "2216"]
[EventDate "2026.04.07"]
[PlyCount "119"]

1.e4 c6 2.d4 d5 3.exd5 cxd5 4.c4 Nf6 5.Nc3 g6 6.Qb3 Bg7 7.cxd5 O-O 8.Be2 
Nbd7 9.Bf3 Nb6 10.Nge2 Bg4 11.Bxg4 Nxg4 12.a4 Nf6 13.Nf4 Qd7 14.a5 Nc8 15.
O-O Nd6 16.Nd3 Qf5 17.Ne5 Rad8 18.h3 h5 19.a6 b6 20.Na2 Nc8 21.Nb4 Rfe8 
22.Ra3 Bf8 23.Qa2 Rd6 24.Re1 h4 25.Rf3 Qh5 26.Nc4 Rdd8 27.Re5 Qh8 28.Nc6 
Rxd5 29.Rxd5 Nxd5 30.N4e5 e6 31.Nxf7 Qh5 32.Nfe5 Bd6 33.Qb1 Bxe5 34.Nxe5 
Nce7 35.Ng4 Rf8 36.Qe4 Rxf3 37.Qxe6+ Kf8 38.gxf3 Qf5 39.Bh6+ Ke8 40.Qd6 
Qd7 41.Qb8+ Nc8 42.Qe5+ Kd8 43.Bg5+ Nde7 44.Bxh4 Qd6 45.Qh8+ Kd7 46.d5 Qb4
47.Qe5 Qd6 48.Nf6+ Kd8 49.Qxd6+ Nxd6 50.Ng8 Nf5 51.Bxe7+ Nxe7 52.Nxe7 Kxe7
53.Kg2 Kd6 54.Kg3 Kxd5 55.Kg4 Kc4 56.Kg5 Kb3 57.Kxg6 Kxb2 58.h4 b5 59.h5 
b4 60.h6 1-0

[Event "26th EUR-ch"]
[Site "Katowice POL"]
[Date "2026.04.13"]
[Round "6.179"]
[White "Korszanski, Stanislaw"]
[Black "Nguyen, Khoi"]
[Result "1-0"]
[WhiteElo "2215"]
[BlackElo "2037"]
[EventDate "2026.04.07"]
[PlyCount "71"]

1.e4 e6 2.d4 d5 3.Nc3 Nf6 4.Bg5 h6 5.Bxf6 Qxf6 6.exd5 Bb4 7.dxe6 Bxe6 8.
Bd3 Nc6 9.Ne2 O-O-O 10.O-O Nxd4 11.Ne4 Nxe2+ 12.Qxe2 Qe5 13.c3 Ba5 14.a4 
Bb6 15.b4 f5 16.a5 fxe4 17.axb6 axb6 18.Bxe4 c6 19.b5 Kc7 20.bxc6 Bd5 21.
f3 Bxc6 22.Kh1 Rhe8 23.Rfe1 Qg5 24.Ra2 Re7 25.Qf2 Qc5 26.Qg3+ Qe5 27.Bf5 
Qxg3 28.Rxe7+ Rd7 29.Rxd7+ Bxd7 30.hxg3 Bxf5 31.g4 Be6 32.Rb2 Kc6 33.Kh2 
Kc5 34.Kg3 b5 35.Kf4 Bd7 36.Rb4 1-0

[Event "26th EUR-ch"]
[Site "Katowice POL"]
[Date "2026.04.13"]
[Round "6.180"]
[White "Ilgililer, Bertug"]
[Black "Salaun, Yann"]
[Result "1/2-1/2"]
[WhiteElo "1996"]
[BlackElo "2199"]
[EventDate "2026.04.07"]
[PlyCount "103"]

1.e4 c5 2.Nf3 a6 3.g3 Nc6 4.d4 cxd4 5.Nxd4 Nf6 6.Bg2 g6 7.O-O Bg7 8.Re1 
Nxd4 9.Qxd4 d6 10.Nc3 O-O 11.Qb4 a5 12.Qb5 a4 13.a3 Qc7 14.Bf4 Bd7 15.Qb4 
Ra5 16.Rad1 Rc5 17.Be3 b5 18.Bxc5 dxc5 19.Rxd7 Nxd7 20.Qxb5 Bxc3 21.bxc3 
Ra8 22.e5 Ra5 23.Qe2 e6 24.c4 Ra7 25.f4 Qb6 26.Qd3 Nb8 27.Qd6 Qxd6 28.exd6
Ra6 29.Rd1 Nd7 30.Bb7 Ra7 31.Bc6 Kg7 32.Rb1 Kf6 33.Rb5 e5 34.Bxd7 Rxd7 35.
fxe5+ Kxe5 36.Rxc5+ Kxd6 37.Rd5+ Kc6 38.Rxd7 Kxd7 39.Kf2 Kd6 40.Ke3 Kc5 
41.Kd3 f5 42.h4 h6 43.Kc3 g5 44.hxg5 hxg5 45.Kd3 f4 46.gxf4 gxf4 47.Ke4 
Kxc4 48.Kxf4 Kc3 49.Ke3 Kxc2 50.Ke2 Kb2 51.Kd2 Kxa3 52.Kc2 1/2-1/2

[Event "26th EUR-ch"]
[Site "Katowice POL"]
[Date "2026.04.13"]
[Round "6.181"]
[White "Starosta, Martyna"]
[Black "Zuqanov, Ali"]
[Result "1-0"]
[WhiteElo "2199"]
[BlackElo "2015"]
[EventDate "2026.04.07"]
[PlyCount "135"]

1.d4 Nf6 2.c4 g6 3.Nc3 Bg7 4.e4 d6 5.h3 Nbd7 6.g4 O-O 7.Be3 a6 8.g5 Ne8 9.
h4 c5 10.dxc5 Qa5 11.Bd2 dxc5 12.h5 Ne5 13.h6 Bh8 14.Nd5 Qd8 15.Bc3 e6 16.
Nf6+ Nxf6 17.gxf6 Qxf6 18.Be2 Qf4 19.Qc2 Nc6 20.Nf3 Nd4 21.Nxd4 Bxd4 22.
Bxd4 cxd4 23.Qd2 Qxe4 24.O-O-O e5 25.Bd3 Qc6 26.Qg5 f5 27.Bc2 Be6 28.Rhe1 
Qxc4 29.Rxe5 Rac8 30.Qd2 Rfd8 31.Rxe6 Qxa2 32.Qe2 Rxc2+ 33.Kxc2 Rc8+ 34.
Kd2 Qa5+ 35.Kd3 Rc3+ 36.Kd2 Re3+ 37.Kc1 Qa1+ 38.Kc2 Qa4+ 39.Kc1 Rxe2 40.
Rxe2 Qc6+ 41.Kb1 Kf7 42.Rxd4 Kf6 43.f4 Qc7 44.Red2 a5 45.Rc2 Qb6 46.Rcd2 
Ke6 47.Re2+ Kf6 48.Red2 Qb5 49.Rd1 Ke6 50.Re1+ Kf7 51.Red1 a4 52.Rd5 Qc6 
53.Rd7+ Ke6 54.Rxh7 Qe4+ 55.Ka1 Qxf4 56.Re1+ Kf6 57.Rh8 Qb4 58.Rhe8 Qh4 
59.R8e6+ Kg5 60.Rg1+ Kf4 61.Rf1+ Kg5 62.Rg1+ Kf4 63.Rf1+ Kg5 64.Rg1+ Kxh6 
65.Rexg6+ Kh7 66.Rg7+ Kh8 67.Rg8+ Kh7 68.R1g7+ 1-0

[Event "26th EUR-ch"]
[Site "Katowice POL"]
[Date "2026.04.13"]
[Round "6.182"]
[White "Kulpa, Zuzanna"]
[Black "Kochavi, Dana"]
[Result "0-1"]
[WhiteElo "1979"]
[BlackElo "2196"]
[EventDate "2026.04.07"]
[PlyCount "46"]

1.d4 Nf6 2.c4 g6 3.Nc3 Bg7 4.e4 d6 5.f3 O-O 6.Bg5 c5 7.d5 Qa5 8.Qd2 e6 9.
Be2 a6 10.Bh6 exd5 11.cxd5 b5 12.h4 Nbd7 13.g4 Ne5 14.Bxg7 Kxg7 15.h5 Re8 
16.h6+ Kg8 17.Nd1 Qb6 18.Ne3 c4 19.Nc2 Rb8 20.a3 a5 21.g5 Nh5 22.Rxh5 
Qxg1+ 23.Bf1 Nxf3+ 0-1

[Event "26th EUR-ch"]
[Site "Katowice POL"]
[Date "2026.04.13"]
[Round "6.183"]
[White "Levytskyi, Liubomyr"]
[Black "Djurovic, Peko"]
[Result "0-1"]
[WhiteElo "1959"]
[BlackElo "2191"]
[EventDate "2026.04.07"]
[PlyCount "72"]

1.e4 c5 2.Nf3 Nc6 3.Bb5 e6 4.O-O Nge7 5.Re1 a6 6.Bf1 d5 7.d3 d4 8.e5 Ng6 
9.g3 f6 10.exf6 gxf6 11.h4 e5 12.h5 Nge7 13.Nh4 Rg8 14.Qf3 Kf7 15.Re4 Be6 
16.Nd2 Qd5 17.a4 Bg4 18.Qh1 f5 19.Re1 Qxh1+ 20.Kxh1 Kf6 21.Nc4 Nd5 22.Bd2 
Bxh5 23.Bg2 Bf7 24.Bh3 Be6 25.Nf3 Ndb4 26.Nb6 Re8 27.Bxb4 cxb4 28.b3 Bd6 
29.Kh2 Bc7 30.Nc4 Bd5 31.Nh4 Rg5 32.f3 Reg8 33.Re2 Rxg3 34.Bxf5 e4 35.fxe4
Rg2+ 36.Kh1 Rxe2 0-1

[Event "26th EUR-ch"]
[Site "Katowice POL"]
[Date "2026.04.13"]
[Round "6.184"]
[White "Destic, Elena"]
[Black "Meirovich, Ilay"]
[Result "0-1"]
[WhiteElo "1954"]
[BlackElo "2190"]
[EventDate "2026.04.07"]
[PlyCount "50"]

1.e4 c5 2.d4 cxd4 3.Qxd4 Nc6 4.Qd3 e6 5.Nc3 Nf6 6.Bf4 a6 7.Nf3 b5 8.e5 Qc7
9.Bg3 Nh5 10.O-O-O Bb7 11.Qe3 Rc8 12.Bd3 b4 13.Ne4 Nxg3 14.Nxg3 b3 15.axb3
Qa5 16.c3 Nb4 17.Kd2 Bc5 18.Nd4 Nd5 19.Qe4 Qa2 20.Bb1 Qa1 21.Ke1 Qxb2 22.
c4 Nc3 23.Qxb7 Bxd4 24.Rf1 Nxd1 25.Ne4 O-O 0-1

[Event "26th EUR-ch"]
[Site "Katowice POL"]
[Date "2026.04.13"]
[Round "6.185"]
[White "Majcher, Igor"]
[Black "Lasok, Marek"]
[Result "1/2-1/2"]
[WhiteElo "2184"]
[BlackElo "2009"]
[EventDate "2026.04.07"]
[PlyCount "153"]

1.e4 c5 2.Nf3 Nc6 3.d4 cxd4 4.Nxd4 e5 5.Nb5 d6 6.c4 Be6 7.N1c3 a6 8.Na3 
Rc8 9.Bd3 g6 10.O-O Bg7 11.Nd5 Bxd5 12.cxd5 Nd4 13.Qa4+ Qd7 14.Qxd7+ Kxd7 
15.Nc4 Rb8 16.a4 Nf6 17.f4 exf4 18.Bxf4 Ne8 19.Bg5 f6 20.Be3 Nb3 21.Ra3 
Nc5 22.Bb1 Ke7 23.Nxd6 Nxd6 24.Bxc5 Rhc8 25.Rc3 b6 26.Bd4 Nc4 27.Bd3 b5 
28.axb5 axb5 29.Ra1 Rb7 30.b3 Nd6 31.Rxc8 Nxc8 32.Ra6 Kf7 33.Bc5 Bh6 34.
Ra8 Rc7 35.b4 Bf4 36.g3 Bd6 37.Bxb5 Bxc5+ 38.bxc5 Rxc5 39.Bd3 Rc3 40.Kf2 
Rxd3 41.Rxc8 f5 42.Rc7+ Kf6 43.exf5 Rxd5 44.fxg6 Kxg6 45.Ke3 Ra5 46.Rc4 
Ra2 47.h3 Ra5 48.Kf4 Rf5+ 49.Ke4 Rf1 50.Rc3 Rf7 51.Rc6+ Kg5 52.Rc5+ Kg6 
53.Rc6+ Kg5 54.Rc3 Kg6 55.Ra3 Rf6 56.Ra5 Rf1 57.Ke3 Rf6 58.Ra4 Re6+ 59.Kf4
Rf6+ 60.Kg4 h5+ 61.Kh4 Rb6 62.Ra5 Rb4+ 63.g4 hxg4 64.hxg4 Rb6 65.Rg5+ Kh6 
66.Rc5 Kg6 67.Rc4 Ra6 68.Kg3 Kg5 69.Rc5+ Kg6 70.Rc4 Kg5 71.Rc5+ Kg6 72.Rc4
Kg5 73.Rc5+ Kg6 74.Kh4 Rb6 75.Rg5+ Kh6 76.Rh5+ Kg6 77.Rg5+ 1/2-1/2

[Event "26th EUR-ch"]
[Site "Katowice POL"]
[Date "2026.04.13"]
[Round "6.186"]
[White "Namyslak, Piotr"]
[Black "Pehar, Borna"]
[Result "1/2-1/2"]
[WhiteElo "1953"]
[BlackElo "2183"]
[EventDate "2026.04.07"]
[PlyCount "133"]

1.c4 e6 2.Nc3 d5 3.cxd5 exd5 4.d4 h6 5.Bf4 Nf6 6.e3 Bd6 7.Bg3 O-O 8.Bd3 
Re8 9.Nf3 Bxg3 10.hxg3 c6 11.b4 Bg4 12.Qb3 Ne4 13.Ne5 Be6 14.Nxe4 dxe4 15.
Bc4 Nd7 16.Nxd7 Qxd7 17.Bxe6 Rxe6 18.O-O h5 19.Rfb1 Rc8 20.a4 a6 21.Rc1 
Rh6 22.d5 h4 23.Qc4 hxg3 24.Qxe4 gxf2+ 25.Kxf2 Re8 26.Qd4 Qf5+ 27.Kg1 Re4 
28.Rf1 Qh7 29.Qa7 Rh1+ 30.Kf2 Qh4+ 31.Kf3 Qg4+ 32.Kf2 Qh4+ 33.Kf3 Rxf1+ 
34.Rxf1 Rxb4 35.Qb8+ Kh7 36.Qe5 Qg4+ 37.Kf2 Rxa4 38.Kg1 Re4 39.Qh2+ Kg6 
40.Qd6+ f6 41.dxc6 bxc6 42.Rf3 Re5 43.Qd3+ Qe4 44.Rg3+ Kf7 45.Qb3+ Re6 46.
Qb7+ Re7 47.Qxa6 Qb1+ 48.Kh2 Qb5 49.Qa2+ Qd5 50.Qxd5+ cxd5 51.Kg1 Ke6 52.
Kf2 Ke5 53.Rg4 g5 54.Ra4 f5 55.Ra8 f4 56.Rd8 Ke4 57.exf4 gxf4 58.Ke2 Kd4+ 
59.Kf3 Re4 60.Ra8 Kc3 61.Rd8 Rd4 62.Rd7 Kc4 63.Rc7+ Kb5 64.Rd7 Kc6 65.Rd8 
Rd2 66.Rf8 Rd1 67.Rxf4 1/2-1/2

[Event "26th EUR-ch"]
[Site "Katowice POL"]
[Date "2026.04.13"]
[Round "6.187"]
[White "Olbrycht, Hubert"]
[Black "Iordache, Alexia-Andreea"]
[Result "1-0"]
[WhiteElo "1940"]
[BlackElo "2181"]
[EventDate "2026.04.07"]
[PlyCount "77"]

1.e4 c5 2.Nf3 d6 3.d4 cxd4 4.Qxd4 Nf6 5.Nc3 Nc6 6.Qd3 g6 7.Nd5 Bg7 8.c3 
Nd7 9.Be2 O-O 10.O-O Nc5 11.Qc2 a5 12.Bg5 h6 13.Bh4 f5 14.exf5 Bxf5 15.Qd1
a4 16.Re1 Kh8 17.Rc1 g5 18.Bg3 Ne4 19.Bd3 Nxg3 20.hxg3 Ra5 21.Bxf5 Rxf5 
22.Ne3 Rf8 23.Rc2 Rc5 24.Qd3 Qe8 25.g4 Qc8 26.Nf5 Rf7 27.Rce2 Qf8 28.Nxd6 
Rf4 29.Nxb7 Rcc4 30.Nd2 Qc8 31.Nd6 Qxg4 32.N6xc4 h5 33.Re4 Rxe4 34.Qxe4 
Qd7 35.Nf3 Bf6 36.Nce5 Nxe5 37.Nxe5 Qd2 38.Ng6+ Kg7 39.Nxe7 1-0

[Event "26th EUR-ch"]
[Site "Katowice POL"]
[Date "2026.04.13"]
[Round "6.188"]
[White "Obada, Ema"]
[Black "Stierhof, Michael"]
[Result "1-0"]
[WhiteElo "2181"]
[BlackElo "1993"]
[EventDate "2026.04.07"]
[PlyCount "122"]

1.e4 c5 2.Nf3 d6 3.d4 cxd4 4.Nxd4 Nf6 5.Nc3 g6 6.Be3 Nc6 7.f3 h5 8.Bc4 Bd7
9.Bb3 Na5 10.Qd3 Nxb3 11.axb3 Bh6 12.Bxh6 Rxh6 13.O-O-O Kf8 14.Qe3 Rh8 15.
e5 dxe5 16.Qxe5 Qb8 17.Qe3 Kg7 18.Qxe7 Re8 19.Qb4 a5 20.Qc4 Rc8 21.Qd3 a4 
22.bxa4 Bxa4 23.Nxa4 Rxa4 24.c3 Qf4+ 25.Kc2 Rc5 26.g3 Qc7 27.Nb3 Rd5 28.
Qe2 Re5 29.Qf2 Nd5 30.Kb1 Nxc3+ 31.bxc3 Rb5 32.Qb2 Rc4 33.Kc2 Qe5 34.Rhe1 
Qf5+ 35.Rd3 Rd5 36.Nc1 Rxd3 37.Nxd3 Qxf3 38.Kd2 h4 39.Re3 Qd5 40.gxh4 Kh7 
41.Qb3 b5 42.Re5 Qg2+ 43.Re2 Qd5 44.Kc2 Qd7 45.h5 gxh5 46.Ne5 Qf5+ 47.Kb2 
Rc5 48.Qxf7+ Qxf7 49.Nxf7 Kg6 50.Nd6 Rd5 51.Ne4 Kf5 52.Kb3 h4 53.Kb4 Kf4 
54.Nd2 h3 55.Re4+ Kf5 56.Rd4 Re5 57.Rh4 Re2 58.Nf3 Rb2+ 59.Ka3 Rf2 60.Nd4+
Ke5 61.Rxh3 Kd5 1-0

[Event "26th EUR-ch"]
[Site "Katowice POL"]
[Date "2026.04.13"]
[Round "6.189"]
[White "Pasti, Zsombor"]
[Black "Zakin, Lior"]
[Result "1/2-1/2"]
[WhiteElo "2180"]
[BlackElo "1986"]
[EventDate "2026.04.07"]
[PlyCount "121"]

1.e4 c5 2.Nf3 d6 3.d4 cxd4 4.Nxd4 Nf6 5.Nc3 a6 6.Be2 e5 7.Nb3 Be7 8.Be3 
Be6 9.h3 Nbd7 10.O-O O-O 11.Qd2 Qc7 12.Nd5 Bxd5 13.exd5 Ne4 14.Qd1 f5 15.
Bd3 Nec5 16.Nxc5 Nxc5 17.Be2 b5 18.f4 Rac8 19.c3 g6 20.Bf3 Rcd8 21.Rc1 Bh4
22.Kh2 Qe7 23.g3 Bf6 24.Re1 Rfe8 25.Qd2 Qc7 26.c4 b4 27.Rcd1 a5 28.g4 Bh4 
29.Rg1 exf4 30.Bxf4 Ne4 31.Qc2 Qf7 32.Rdf1 Rc8 33.gxf5 Qxd5 34.b3 g5 35.
Bxg5 Bxg5 36.Rxg5+ Kf8 37.Qxe4 Qxe4 38.Bxe4 Rxe4 39.f6 Rc5 40.Rg2 Rce5 41.
Rff2 h6 42.Rd2 Re6 43.Rgf2 R4e5 44.Rd3 Kf7 45.Rdf3 d5 46.cxd5 Rxd5 47.Rf5 
Rxf5 48.Rxf5 Re2+ 49.Kg3 Rxa2 50.Kg4 Rg2+ 51.Kf3 Rg5 52.Rf4 Rc5 53.Ke4 Rc3
54.Rf5 Rxb3 55.Rxa5 Rxh3 56.Ra6 Rh4+ 57.Kf3 Rh3+ 58.Kg4 Re3 59.Rb6 b3 60.
Kf5 Rf3+ 61.Kg4 1/2-1/2